Central Library OPAC University of Rajshahi

Some topics in two-person games / (Record no. 8381)

MARC details
000 -LEADER
fixed length control field 01005cam a2200301 4500
001 - CONTROL NUMBER
control field 8381
003 - CONTROL NUMBER IDENTIFIER
rucl marc code BD-RjUL
005 - DATE AND TIME OF LATEST TRANSACTION
control field 20211208234558.0
008 - FIXED-LENGTH DATA ELEMENTS--GENERAL INFORMATION
fixed length control field 140118s1971 nyua b 001 0 eng d
020 ## - INTERNATIONAL STANDARD BOOK NUMBER
International Standard Book Number 0444000593
035 ## - SYSTEM CONTROL NUMBER
System control number (BD-RjUL)8426
040 ## - CATALOGING SOURCE
Original cataloging agency DLC
Transcribing agency DLC
Modifying agency DLC
-- (BD-RjUL)
Language of cataloging eng
041 ## - LANGUAGE CODE
Language code of text/sound track or separate title eng
082 00 - DEWEY DECIMAL CLASSIFICATION NUMBER
Classification number 519.3
Author mark and year PAS
100 1# - MAIN ENTRY--PERSONAL NAME
Personal name Parthasarathy, T.
9 (RLIN) 26098
245 10 - TITLE STATEMENT
Title Some topics in two-person games /
Statement of responsibility, etc. [by] T. Parthasarathy [and] T. E. S. Raghavan.
260 ## - PUBLICATION, DISTRIBUTION, ETC. (IMPRINT)
Place of publication, distribution, etc. New York,
Name of publisher, distributor, etc. American Elsevier Pub. Co.,
Date of publication, distribution, etc. 1971.
300 ## - PHYSICAL DESCRIPTION
Pagination xi, 259 p. :
Illustrations illus. ;
Size 24 cm.
490 1# - SERIES STATEMENT
Series statement Modern analytic and computational methods in science and mathematics,
Volume/sequential designation no. 22
504 ## - BIBLIOGRAPHY, ETC. NOTE
Bibliography, etc Includes bibliographies.
650 #0 - SUBJECT ADDED ENTRY--TOPICAL TERM
Topical term or geographic name as entry element Game theory.
9 (RLIN) 23646
700 1# - ADDED ENTRY--PERSONAL NAME
Personal name Raghavan, T. E. S.,
Relator term joint author.
830 #0 - SERIES ADDED ENTRY--UNIFORM TITLE
Volume number/sequential designation no. 22.
830 #0 - SERIES ADDED ENTRY--UNIFORM TITLE
Uniform title Modern analytic and computational methods in science and mathematics ;
942 ## - ADDED ENTRY ELEMENTS (KOHA)
Source of classification or shelving scheme Dewey Decimal Classification
Koha item type Books
Holdings
Lost status Source of classification or shelving scheme Damaged status Not for loan Collection code Permanent Location Current Location Shelving location Date acquired Source of acquisition Total Checkouts Full call number Date last seen Copy number Koha item type
  Dewey Decimal Classification   Not For Loan Non-fiction Central Library, University of Rajshahi Central Library, University of Rajshahi   02/10/1980 Neatherland gift   519.3 PAS 1971 18/01/2014 C-1 Books